[Event "Dois Irmaos Regional Sul"]
[Site "Dois Irmaos"]
[Date "2012.??.??"]
[Round "3"]
[White "Carvalho Nunes, Franklin"]
[Black "Donay Martins, Anderson"]
[Result "1/2-1/2"]
[WhiteElo "1800"]
[BlackElo "1926"]
[PlyCount "34"]
[EventDate "2012.10.12"]
[EventType "swiss"]
[EventRounds "6"]
[EventCountry "BRA"]
[SourceTitle "EXT 2013"]
[Source "ChessBase"]
[SourceDate "2012.11.22"]
[SourceVersion "1"]
[SourceVersionDate "2012.11.22"]
[SourceQuality "1"]

1. e3 b6 2. f4 Bb7 3. Nf3 Nf6 4. b3 e6 5. Bb2 Be7 6. Nc3 c5 7. Bd3 Nc6 8. 0-0 a6 9. Ne2 Nb4 10. Qe1 Kf8 11. a3 Nxd3 12. cxd3 Ne8 13. e4 d5 14. e5 d4 15. Ng3 g6 16. Rb1 Bh4 17. Nxh4 Qxh4 1/2-1/2

[Event "Dois Irmaos Regional Sul"]
[Site "Dois Irmaos"]
[Date "2012.??.??"]
[Round "6"]
[White "Carvalho Nunes, Franklin"]
[Black "Menna Barreto, Felipe Kubiaki"]
[Result "0-1"]
[WhiteElo "1800"]
[BlackElo "2263"]
[PlyCount "76"]
[EventDate "2012.10.12"]
[EventType "swiss"]
[EventRounds "6"]
[EventCountry "BRA"]
[SourceTitle "EXT 2013"]
[Source "ChessBase"]
[SourceDate "2012.11.22"]
[SourceVersion "1"]
[SourceVersionDate "2012.11.22"]
[SourceQuality "1"]

1. e4 e6 2. d3 c5 3. Nd2 d5 4. g3 Nc6 5. Bg2 Nf6 6. Ngf3 Be7 7. 0-0 h6 8. Re1 b6 9. e5 Nd7 10. Nf1 Qc7 11. Qe2 g5 12. h3 Bb7 13. c3 0-0-0 14. d4 Rhe8 15. Bd2 f6 16. b4 fxe5 17. bxc5 e4 18. cxb6 Nxb6 19. N3h2 e5 20. Be3 Nc4 21. Nd2 Nxd2 22. Qxd2 exd4 23. Bxd4 Ba6 24. Bf1 Bxf1 25. Nxf1 Rf8 26. Rab1 Rf3 27. Qe2 Rd3 28. Red1 Rxd1 29. Qa6+ Kd7 30. Rb7 Rb8 31. Rxc7+ Kxc7 32. f3 Rbb1 33. fxe4 dxe4 34. Qc4 Rxf1+ 35. Kg2 Rfc1 36. Be5+ Bd6 37. Bxd6+ Kxd6 38. Kf2 Rc2+ 0-1